| 000 | 00935nam a2200253Ia 4500 | ||
|---|---|---|---|
| 003 | OSt | ||
| 005 | 20220916110924.0 | ||
| 006 | a|||||r|||| 00| 0 | ||
| 007 | ta | ||
| 008 | 220915b |||||||| |||| 00| 0 hin d | ||
| 024 | _a215083 | ||
| 037 | _cTextbook | ||
| 040 |
_bhin _aARTS _cARTS |
||
| 041 | _ahin | ||
| 082 | _aO5932,3x, 152M7 | ||
| 100 | _aराठी, चंद्र किरण, अनु. | ||
| 245 | 0 | _aउड़न-छगांव तथा अन्य हॅगारी कहानियां | |
| 246 | _aUड़na-chhagāanva tathā anya hangārī kahāniyāan | ||
| 260 |
_aनई _bदिल्ली राधाकृष्ण प्रका0 भारत _c1983 |
||
| 300 |
_a115पृ0 _ccm. |
||
| 650 | _aहिन्दी साहित्य | ||
| 942 |
_hO5932,3x, 152M7 _cTB _2CC |
||
| 999 |
_c101478 _d101478 |
||